000
00311nam a22001457a 4500
020
_a
81-7130-410-9
082
_a
894.812.1
_b
ARV/M
100
_a
ARAVINDHAN
245
_a
MAHAKAVIKALUDE KUTTIKAVITHAKAL
260
_a
KOTTAYAM
_b
DC BOOKS
_c
2009
300
_a
75
520
_a
POEM
650
_a
POEM
942
_c
BK
999
_c
4115
_d
4115